[Event "Manhem Chessweek IM"]
[Site "Biblioteksgatan 2, Mölnlycke"]
[Date "2015.08.08"]
[Round "1.6"]
[White "Andréasson, Ingvar"]
[Black "Rydström, Tom"]
[Result "0-1"]
[WhiteElo "2356"]
[BlackElo "2380"]
[PlyCount "119"]
[EventDate "2015.08.08"]

1. Nf3 d5 2. b3 Bg4 3. e3 Nd7 4. Bb2 Ngf6 5. d4 e6 6. Be2 Bd6 7. O-O O-O 8. c4
c6 9. Nc3 Qe7 10. a3 Rfe8 11. h3 Bh5 12. Ne5 Bxe2 13. Nxe2 Rad8 14. Qc2 Bb8 15.
Nxd7 Rxd7 16. Rad1 Ne4 17. f3 Nf6 18. f4 Ne4 19. Nc3 Nd6 20. c5 Nf5 21. Qf2 f6
22. e4 Nh6 23. e5 fxe5 24. fxe5 Rdd8 25. g4 Rf8 26. Qe3 Bc7 27. Ne2 Rde8 28.
Bc1 Bd8 29. Ng3 Qh4 30. Kg2 Nf7 31. Ne2 Ng5 32. Nc3 h5 33. Qg3 Qxg3+ 34. Kxg3
hxg4 35. Kxg4 Nf7 36. Ne2 Nh6+ 37. Bxh6 gxh6 38. h4 Kh7 39. Rxf8 Rxf8 40. Nf4
Bxh4 41. Nxe6 Re8 42. Nc7 Rc8 43. Nxd5 Bg5 44. Nf4 Rg8 45. Ne6 Be7+ 46. Kf5 h5
47. d5 cxd5 48. Rxd5 h4 49. Rd7 Kh6 50. b4 Bg5 51. Rd3 Be7 52. Rd7 Bg5 53. b5
Be3 54. Rd6 Kh5 55. Rd3 Rg3 56. c6 bxc6 57. bxc6 Bb6 58. Nf4+ Kh6 59. Rxg3 hxg3
60. Kf6 0-1

[Event "Manhem Chessweek IM"]
[Site "Biblioteksgatan 2, Mölnlycke"]
[Date "2015.08.08"]
[Round "1.7"]
[White "Al-Hadarani, Hatim"]
[Black "Lindgren, Philip"]
[Result "0-1"]
[WhiteElo "2254"]
[BlackElo "2401"]
[PlyCount "79"]
[EventDate "2015.08.08"]

1. Nf3 d5 2. Nc3 Nf6 3. d4 e6 4. Bf4 Bb4 5. Bd2 O-O 6. a3 Be7 7. e3 b6 8. Bd3
Bb7 9. O-O Nbd7 10. Ne5 Nxe5 11. dxe5 Ne4 12. Be1 Nc5 13. Be2 g6 14. b4 Nd7 15.
f4 a6 16. Bf3 c5 17. Rb1 Qc7 18. h4 Rfd8 19. h5 Rac8 20. Qe2 Nf8 21. Rb2 b5 22.
hxg6 hxg6 23. g4 Qb6 24. Kg2 cxb4 25. axb4 d4 26. Ne4 dxe3 27. c3 Rc4 28. Nc5
Bxc5 29. bxc5 Bxf3+ 30. Qxf3 Qxc5 31. Qh3 Qd5+ 32. Kg1 e2 33. Rxe2 Qd3 34. Re3
Qb1 35. Qh4 Rd3 36. Re2 g5 37. Qxg5+ Ng6 38. f5 exf5 39. gxf5 Rc6 40. e6 0-1

[Event "Manhem Chessweek IM"]
[Site "Biblioteksgatan 2, Mölnlycke"]
[Date "2015.08.08"]
[Round "1.8"]
[White "Braun, Christian"]
[Black "Antonsen, Mikkel"]
[Result "1/2-1/2"]
[WhiteElo "2420"]
[BlackElo "2475"]
[PlyCount "57"]
[EventDate "2015.08.08"]

1. e4 e5 2. Nf3 Nc6 3. Bb5 a6 4. Ba4 Nf6 5. O-O Be7 6. Re1 b5 7. Bb3 d6 8. c3
O-O 9. h3 Nb8 10. d4 Nbd7 11. Nbd2 Bb7 12. Bc2 Re8 13. Nf1 Bf8 14. Ng3 g6 15.
a4 c5 16. d5 c4 17. Bg5 Be7 18. Bh6 Nc5 19. Qd2 Nfd7 20. h4 Nb6 21. axb5 axb5
22. Rxa8 Bxa8 23. h5 Nba4 24. Rb1 Bb7 25. Bg5 Bxg5 26. Nxg5 Qf6 27. Bxa4 bxa4
28. Nf3 Qf4 29. Qe2 1/2-1/2

[Event "Manhem Chessweek IM"]
[Site "Biblioteksgatan 2, Mölnlycke"]
[Date "2015.08.08"]
[Round "1.9"]
[White "Haubro, Martin"]
[Black "Berggren Torell, Harald"]
[Result "1-0"]
[WhiteElo "2369"]
[BlackElo "2176"]
[PlyCount "71"]
[EventDate "2015.08.08"]

1. e4 g6 2. d4 Bg7 3. Nc3 d6 4. Be3 a6 5. h4 Nf6 6. f3 b5 7. Qd2 c6 8. Nce2 h5
9. Nh3 Bxh3 10. Rxh3 Nbd7 11. Nf4 Qc8 12. O-O-O c5 13. dxc5 Nxc5 14. Rh1 Na4
15. Nd3 Nd7 16. Qf2 Qc4 17. a3 Rc8 18. e5 Qa2 19. Bd4 dxe5 20. Nb4 Bh6+ 21. f4
Qe6 22. Be3 exf4 23. Bd4 O-O 24. Bd3 f3+ 25. Kb1 Nac5 26. Rhe1 Qd6 27. Bf1 fxg2
28. Qxg2 Qc7 29. Nd5 Qb8 30. Nxe7+ Kh7 31. Nxc8 Qxc8 32. Qd5 Ne6 33. Bh3 Re8
34. Bxe6 Rxe6 35. Rxe6 fxe6 36. Qxe6 1-0

[Event "Manhem Chessweek IM"]
[Site "Biblioteksgatan 2, Mölnlycke"]
[Date "2015.08.09"]
[Round "2.6"]
[White "Ölund, Joar"]
[Black "Rydström, Tom"]
[Result "1/2-1/2"]
[WhiteElo "2333"]
[BlackElo "2380"]
[PlyCount "27"]
[EventDate "2015.08.08"]

1. c3 d5 2. Nf3 Nf6 3. g3 Bf5 4. Bg2 c6 5. d3 h6 6. O-O e6 7. Nbd2 Nbd7 8. Re1
Bc5 9. Nf1 O-O 10. b4 Bb6 11. a4 a5 12. h3 Re8 13. N3d2 Bg6 14. Nb3 1/2-1/2

[Event "Manhem Chessweek IM"]
[Site "Biblioteksgatan 2, Mölnlycke"]
[Date "2015.08.09"]
[Round "2.7"]
[White "Lindgren, Philip"]
[Black "Andréasson, Ingvar"]
[Result "0-1"]
[WhiteElo "2401"]
[BlackElo "2356"]
[PlyCount "86"]
[EventDate "2015.08.08"]

1. Nf3 Nf6 2. c4 g6 3. d4 Bg7 4. Nc3 O-O 5. Bg5 h6 6. Bh4 c5 7. d5 d6 8. e3 Na6
9. Be2 Nc7 10. O-O a6 11. a4 Rb8 12. a5 b5 13. axb6 Rxb6 14. Ra2 Bg4 15. Nd2
Bxe2 16. Qxe2 Qd7 17. b3 Rfb8 18. h3 Rb4 19. e4 Nh5 20. Rc1 Nf4 21. Qf3 g5 22.
Bg3 Ng6 23. Nd1 e6 24. Ne3 Qe7 25. Rd1 R4b6 26. Ng4 Ne8 27. dxe6 fxe6 28. Re1
h5 29. Ne3 Nf6 30. Raa1 Rf8 31. Rab1 g4 32. hxg4 Nxg4 33. Qd1 Nf6 34. Qc2 h4
35. Bh2 Nh5 36. Ndf1 Qg5 37. Qe2 Nf6 38. f3 Nh5 39. Ng4 Bd4+ 40. Nfe3 Ngf4 41.
Qd1 Rb7 42. Bxf4 Rxf4 43. Nf2 Rg7 0-1

[Event "Manhem Chessweek IM"]
[Site "Biblioteksgatan 2, Mölnlycke"]
[Date "2015.08.09"]
[Round "2.8"]
[White "Antonsen, Mikkel"]
[Black "Al-Hadarani, Hatim"]
[Result "1-0"]
[WhiteElo "2475"]
[BlackElo "2254"]
[PlyCount "113"]
[EventDate "2015.08.08"]

1. d4 Nf6 2. c4 c6 3. Nf3 b5 4. cxb5 cxb5 5. e3 a6 6. a4 b4 7. Bd3 Bb7 8. Nbd2
d5 9. Ne5 e6 10. f4 Bd6 11. O-O Nc6 12. Qf3 Qb6 13. Kh1 Na5 14. b3 Rc8 15. Bb2
O-O 16. Rab1 Ne4 17. Nxe4 dxe4 18. Bxe4 Bxe4 19. Qxe4 Bxe5 20. fxe5 Nxb3 21.
Qd3 Na5 22. Rbc1 Qb7 23. e4 Rxc1 24. Rxc1 Rc8 25. d5 Rxc1+ 26. Bxc1 Qc8 27. Bd2
b3 28. d6 Qc2 29. Qc3 Qxc3 30. Bxc3 Kf8 31. d7 Nc6 32. Bb4+ Kg8 33. Ba3 f6 34.
Kg1 Kf7 35. Kf2 fxe5 36. Ke3 b2 37. Bxb2 Ke7 38. Kd3 Kxd7 39. Kc4 Kd6 40. Ba3+
Kc7 41. Bf8 g6 42. Kc5 h5 43. h4 a5 44. Kb5 Nd4+ 45. Kxa5 Nb3+ 46. Kb5 Nd2 47.
Bg7 Nxe4 48. Bxe5+ Kb7 49. a5 g5 50. a6+ Ka8 51. hxg5 Nxg5 52. Bf4 Ne4 53. Be3
Ng3 54. Kc4 Nf5 55. Bf2 Nd6+ 56. Kd4 Nb5+ 57. Ke5 1-0

[Event "Manhem Chessweek IM"]
[Site "Biblioteksgatan 2, Mölnlycke"]
[Date "2015.08.09"]
[Round "2.9"]
[White "Berggren Torell, Harald"]
[Black "Braun, Christian"]
[Result "1/2-1/2"]
[WhiteElo "2176"]
[BlackElo "2420"]
[PlyCount "62"]
[EventDate "2015.08.08"]

1. e4 e6 2. d4 b6 3. Nc3 Bb7 4. Bd3 Bb4 5. Nge2 Nf6 6. O-O d5 7. e5 Nfd7 8. Ng3
h5 9. a3 Bf8 10. f4 g6 11. f5 gxf5 12. Nxf5 exf5 13. Qf3 Bh6 14. Qxf5 Qe7 15.
Nb5 Na6 16. e6 Qxe6 17. Bxh6 Qxf5 18. Bxf5 Rxh6 19. Rae1+ Kd8 20. Bxd7 Kxd7 21.
Rxf7+ Kc6 22. a4 Bc8 23. Ree7 Kb7 24. Nxc7 Nxc7 25. Rxc7+ Kb8 26. b4 h4 27. b5
a6 28. Rxc8+ Kxc8 29. Rf8+ Kb7 30. Rf7+ Kb8 31. Rf8+ Kb7 1/2-1/2

[Event "Manhem Chessweek IM"]
[Site "Biblioteksgatan 2, Mölnlycke"]
[Date "2015.08.09"]
[Round "3.6"]
[White "Haubro, Martin"]
[Black "Ölund, Joar"]
[Result "1/2-1/2"]
[WhiteElo "2369"]
[BlackElo "2333"]
[PlyCount "74"]
[EventDate "2015.08.08"]

1. e4 g6 2. d4 Bg7 3. Nc3 d6 4. f4 a6 5. Nf3 b5 6. Bd3 Nd7 7. Be3 c5 8. e5 Bb7
9. Be4 Bxe4 10. Nxe4 Nh6 11. c3 Nf5 12. Bf2 cxd4 13. cxd4 Nb6 14. Qb3 dxe5 15.
fxe5 Qd5 16. Qd3 Qc4 17. Qxc4 Nxc4 18. b3 Nce3 19. Bxe3 Nxe3 20. Kf2 Nd5 21.
Rhc1 O-O 22. a4 b4 23. Rc6 f6 24. e6 f5 25. Nc5 a5 26. Rc1 Nc3 27. Nd7 Rfc8 28.
Nfe5 Bxe5 29. Nxe5 Kg7 30. Re1 Rxc6 31. Nxc6 Kf6 32. Re5 Rc8 33. Nxa5 Ne4+ 34.
Kf1 Rc1+ 35. Ke2 Rc2+ 36. Kf1 Rc1+ 37. Ke2 Rc2+ 1/2-1/2

[Event "Manhem Chessweek IM"]
[Site "Biblioteksgatan 2, Mölnlycke"]
[Date "2015.08.09"]
[Round "3.8"]
[White "Al-Hadarani, Hatim"]
[Black "Berggren Torell, Harald"]
[Result "1/2-1/2"]
[WhiteElo "2254"]
[BlackElo "2176"]
[PlyCount "83"]
[EventDate "2015.08.08"]

1. Nf3 d6 2. g3 g6 3. Bg2 Bg7 4. O-O Nf6 5. c4 O-O 6. Nc3 Nc6 7. d4 a6 8. Re1
Rb8 9. Rb1 b5 10. cxb5 axb5 11. b4 Bd7 12. e4 e6 13. h3 Ne7 14. Be3 Bc6 15. Nd2
Nd7 16. Nb3 Nb6 17. Na5 Bd7 18. Qd2 Nc6 19. Bg5 f6 20. Nxc6 Bxc6 21. Bh6 Nc4
22. Qc1 Rf7 23. Bxg7 Kxg7 24. Re2 e5 25. Qd1 Ra8 26. Qd3 Ra3 27. Rb3 Qa8 28. d5
Bd7 29. Qc2 Qa7 30. g4 Rf8 31. Re1 Ra8 32. Bf1 Rxb3 33. axb3 Na3 34. Qc1 Qd4
35. Ne2 Qxb4 36. Qxc7 Qxe1 37. Qxd7+ Kg8 38. Qe6+ Kg7 39. Qe7+ Kg8 40. Qe6+ Kg7
41. Qd7+ Kg8 42. Qe6+ 1/2-1/2

[Event "Manhem Chessweek IM"]
[Site "Biblioteksgatan 2, Mölnlycke"]
[Date "2015.08.09"]
[Round "3.9"]
[White "Andréasson, Ingvar"]
[Black "Antonsen, Mikkel"]
[Result "0-1"]
[WhiteElo "2356"]
[BlackElo "2475"]
[PlyCount "86"]
[EventDate "2015.08.08"]

1. b3 e5 2. Bb2 Nc6 3. e3 Nf6 4. Bb5 Bd6 5. Na3 Na5 6. Be2 Be7 7. Nb1 Nc6 8.
Bb5 d6 9. d4 exd4 10. Qxd4 O-O 11. Bxc6 bxc6 12. Nc3 c5 13. Qd2 Bb7 14. f3 Nd7
15. Nge2 Bh4+ 16. Ng3 Re8 17. O-O-O a5 18. Nf5 Bf6 19. e4 c4 20. h4 cxb3 21.
axb3 Nc5 22. Ba3 Ne6 23. g4 a4 24. b4 Be5 25. g5 Bf4 26. Ne3 d5 27. Ne2 dxe4
28. Qc3 Qb8 29. Nxf4 Nxf4 30. Rhe1 c5 31. Bb2 Ne6 32. bxc5 a3 33. Ba1 Rc8 34.
fxe4 Rxc5 35. Qb4 Qc7 36. Rd2 Rc8 37. Ree2 Qe7 38. Qb3 Bxe4 39. Rf2 Qc7 40. Kd1
Rb8 41. Qxa3 Ra5 42. Qc3 Rb1+ 43. Ke2 Raxa1 0-1

[Event "Manhem Chessweek IM"]
[Site "Biblioteksgatan 2, Mölnlycke"]
[Date "2015.08.09"]
[Round "3.10"]
[White "Rydström, Tom"]
[Black "Lindgren, Philip"]
[Result "0-1"]
[WhiteElo "2380"]
[BlackElo "2401"]
[PlyCount "130"]
[EventDate "2015.08.08"]

1. e4 c6 2. Nc3 d5 3. Nf3 Bg4 4. h3 Bxf3 5. Qxf3 e6 6. g3 Nd7 7. exd5 cxd5 8.
Bg2 Ne7 9. O-O Nc6 10. b3 Be7 11. Bb2 O-O 12. Ne2 Bf6 13. d4 Rc8 14. h4 b5 15.
a3 Qb6 16. Rfd1 a5 17. Qg4 Rc7 18. h5 Ne7 19. Rac1 Rfc8 20. c3 Qd6 21. Rc2 b4
22. axb4 axb4 23. Rdc1 bxc3 24. Rxc3 Rxc3 25. Rxc3 Rxc3 26. Bxc3 Qa3 27. b4 Qa4
28. Bf1 Nc6 29. Nf4 Nf8 30. h6 Nxb4 31. hxg7 Bxg7 32. Kg2 Na2 33. Nh5 Ng6 34.
Nxg7 Kxg7 35. Bd2 Qc2 36. Bg5 Nc3 37. Qh5 Qe4+ 38. Kg1 Qxd4 39. Bh6+ Kg8 40.
Qg5 f6 41. Qc1 Nd1 42. Qc2 Kf7 43. Bd3 Nc3 44. Bxg6+ hxg6 45. Qb2 Qc5 46. Qb7+
Qe7 47. Qc8 d4 48. Qh8 g5 49. f4 gxf4 50. gxf4 Kg6 51. Bf8 Qh7 52. f5+ exf5 53.
Qxh7+ Kxh7 54. Kf2 Kg6 55. Ke1 Kf7 56. Bh6 Ke6 57. Kd2 Kd5 58. Kd3 Ne4 59. Bg7
Nc5+ 60. Kd2 Kc4 61. Bh6 Ne4+ 62. Ke2 d3+ 63. Kd1 Kc3 64. Be3 d2 65. Ke2 Kc2
0-1

[Event "Manhem Chessweek IM"]
[Site "Biblioteksgatan 2, Mölnlycke"]
[Date "2015.08.10"]
[Round "4.6"]
[White "Haubro, Martin"]
[Black "Braun, Christian"]
[Result "0-1"]
[WhiteElo "2369"]
[BlackElo "2420"]
[PlyCount "88"]
[EventDate "2015.08.08"]

1. e4 e6 2. d4 d5 3. Nd2 Be7 4. Bd3 c5 5. dxc5 Nf6 6. Qe2 O-O 7. Ngf3 a5 8. O-O
Na6 9. e5 Nd7 10. c4 Ndxc5 11. Bb1 Nb4 12. Rd1 Qc7 13. Nd4 b6 14. b3 a4 15. Bb2
axb3 16. axb3 Rxa1 17. Bxa1 f5 18. cxd5 Nxd5 19. Nc4 Bb7 20. f3 Nf4 21. Qb2 Rd8
22. Bc2 Ncd3 23. Bxd3 Rxd4 24. Qxd4 Bc5 25. Bf1 Bd5 26. Qxc5 bxc5 27. Bc3 Qb8
28. Rb1 h5 29. h3 Qd8 30. Kh2 h4 31. Be1 Qg5 32. Bf2 Nh5 33. Bd3 Qf4+ 34. Kg1
Bxf3 35. gxf3 Qxf3 36. Bf1 Nf4 37. b4 Nxh3+ 38. Bxh3 Qxh3 39. Ne3 f4 40. Ng2
Qg4 41. Kh2 h3 42. Nh4 Qe2 43. Kg1 h2+ 44. Kg2 Qe4+ 0-1

[Event "Manhem Chessweek IM"]
[Site "Biblioteksgatan 2, Mölnlycke"]
[Date "2015.08.10"]
[Round "4.8"]
[White "Berggren Torell, Harald"]
[Black "Andréasson, Ingvar"]
[Result "1/2-1/2"]
[WhiteElo "2176"]
[BlackElo "2356"]
[PlyCount "67"]
[EventDate "2015.08.08"]

1. e4 c5 2. Nf3 e6 3. d4 cxd4 4. Nxd4 a6 5. Nc3 Ne7 6. Be3 Nec6 7. f4 b5 8. Nb3
d6 9. Bd3 Be7 10. O-O Nd7 11. a4 b4 12. Ne2 O-O 13. Qd2 Bb7 14. Ng3 g6 15. Qf2
Bf6 16. Rab1 Bg7 17. Kh1 a5 18. Rfd1 Qe7 19. Ne2 e5 20. Nd2 exf4 21. Nxf4 Nce5
22. h3 Nf6 23. Bd4 Bc6 24. b3 Qb7 25. Re1 Rfe8 26. Nc4 Nxc4 27. Bxf6 Ne5 28.
Bxg7 Kxg7 29. Re3 Qa7 30. Rbe1 Rac8 31. Nh5+ Kf8 32. Nf6 Re6 33. Nxh7+ Kg7 34.
Ng5 1/2-1/2

[Event "Manhem Chessweek IM"]
[Site "Biblioteksgatan 2, Mölnlycke"]
[Date "2015.08.10"]
[Round "4.9"]
[White "Ölund, Joar"]
[Black "Lindgren, Philip"]
[Result "0-1"]
[WhiteElo "2333"]
[BlackElo "2401"]
[PlyCount "54"]
[EventDate "2015.08.08"]

1. d4 d5 2. Bg5 f6 3. Bh4 Nh6 4. f3 c5 5. dxc5 e5 6. e4 d4 7. Bc4 Bxc5 8. f4
Bg4 9. Nf3 exf4 10. O-O Nc6 11. Nbd2 Qd6 12. a3 O-O-O 13. b4 Bb6 14. Bd5 Ne5
15. a4 Qxb4 16. a5 Bxa5 17. Bxb7+ Kc7 18. Nb3 Bb6 19. Bd5 Nf5 20. Be1 Qb5 21.
Ba5 d3+ 22. Kh1 Ne3 23. Qd2 Bxf3 24. Nd4 Qxa5 25. Rxa5 Bxg2+ 26. Qxg2 Nxg2 27.
Ne6+ Kd6 0-1

[Event "Manhem Chessweek IM"]
[Site "Biblioteksgatan 2, Mölnlycke"]
[Date "2015.08.10"]
[Round "4.10"]
[White "Antonsen, Mikkel"]
[Black "Rydström, Tom"]
[Result "1-0"]
[WhiteElo "2475"]
[BlackElo "2380"]
[PlyCount "71"]
[EventDate "2015.08.08"]

1. d4 d5 2. c4 c6 3. Nf3 Nf6 4. e3 e6 5. Bd3 Nbd7 6. O-O Bd6 7. Nbd2 O-O 8. e4
e5 9. cxd5 cxd5 10. Re1 dxe4 11. Nxe4 Nxe4 12. Rxe4 Nf6 13. Bg5 Bf5 14. Rh4
Bxd3 15. dxe5 Bc5 16. exf6 g6 17. b4 Bb6 18. Qb3 Rc8 19. Ne1 Bd4 20. Rd1 Rc3
21. Rxd4 Qxd4 22. Rxd3 Re8 23. Be3 Rxd3 24. Qxd3 Qxf6 25. Nc2 Qb2 26. Qb3 Rd8
27. g3 Qe5 28. Qc4 b5 29. Qc5 Qe4 30. Nd4 h5 31. h4 Qb1+ 32. Kh2 Qxa2 33. Nc6
Re8 34. Ne7+ Kg7 35. Qe5+ f6 36. Nf5+ 1-0

[Event "Manhem Chessweek IM"]
[Site "Biblioteksgatan 2, Mölnlycke"]
[Date "2015.08.11"]
[Round "5.6"]
[White "Lindgren, Philip"]
[Black "Antonsen, Mikkel"]
[Result "1-0"]
[WhiteElo "2401"]
[BlackElo "2475"]
[PlyCount "91"]
[EventDate "2015.08.08"]

1. d4 Nf6 2. c4 g6 3. Nf3 Bg7 4. Nc3 d5 5. Qb3 dxc4 6. Qxc4 O-O 7. e4 a6 8. Be2
b5 9. Qb3 c5 10. dxc5 Be6 11. Qc2 Nbd7 12. Be3 Rc8 13. Rd1 b4 14. Nd5 Bxd5 15.
exd5 Nxc5 16. O-O Qd6 17. Bc4 a5 18. Qe2 Na4 19. Bd4 Nb6 20. Ba6 Rcd8 21. Be5
Qd7 22. d6 e6 23. Nd4 Nbd5 24. Bb5 Qb7 25. Nc6 Ra8 26. Rc1 Rfc8 27. Ba4 Bf8 28.
Rfd1 Ne8 29. Ne7+ Nxe7 30. d7 Rxc1 31. Rxc1 Ng7 32. Bc7 Qd5 33. Rd1 Qxa2 34.
Bb5 Ngf5 35. Bc4 b3 36. Qf3 Rc8 37. dxc8=Q Nxc8 38. Qa8 Nfe7 39. Be5 Qa4 40.
Ba6 Qg4 41. Rd8 Qf5 42. Bc3 a4 43. Bf1 Qf4 44. Rd4 Qc1 45. Qxa4 Nd5 46. Rxd5
1-0

[Event "Manhem Chessweek IM"]
[Site "Biblioteksgatan 2, Mölnlycke"]
[Date "2015.08.11"]
[Round "5.7"]
[White "Rydström, Tom"]
[Black "Berggren Torell, Harald"]
[Result "1/2-1/2"]
[WhiteElo "2380"]
[BlackElo "2176"]
[PlyCount "69"]
[EventDate "2015.08.08"]

1. e4 d6 2. d4 Nf6 3. Nc3 g6 4. Be3 a6 5. Qd2 b5 6. f3 Nbd7 7. g4 Bb7 8. O-O-O
h5 9. g5 Nh7 10. Nh3 Bg7 11. d5 O-O 12. Bd4 Ne5 13. Bg2 b4 14. Ne2 a5 15. f4
Nc4 16. Qe1 Qd7 17. f5 Qa4 18. Kb1 Rfb8 19. fxg6 fxg6 20. Bxg7 Kxg7 21. Nd4 Bc8
22. Rf1 c5 23. dxc6 e5 24. Nb3 Bxh3 25. Bxh3 Qxc6 26. Be6 a4 27. Rf7+ Kh8 28.
Qf1 Ne3 29. Rxh7+ Kxh7 30. Qf7+ Kh8 31. Qf6+ Kh7 32. Qf7+ Kh8 33. Qf6+ Kh7 34.
Qe7+ Kh8 35. Qf6+ 1/2-1/2

[Event "Manhem Chessweek IM"]
[Site "Biblioteksgatan 2, Mölnlycke"]
[Date "2015.08.11"]
[Round "5.9"]
[White "Al-Hadarani, Hatim"]
[Black "Haubro, Martin"]
[Result "1-0"]
[WhiteElo "2254"]
[BlackElo "2369"]
[PlyCount "49"]
[EventDate "2015.08.08"]

1. d4 Nf6 2. Bg5 c5 3. d5 Qb6 4. Nc3 Qxb2 5. Bd2 Qb6 6. e4 d6 7. f4 g6 8. e5
dxe5 9. fxe5 Nfd7 10. Nf3 Bg7 11. Rb1 Qd8 12. e6 fxe6 13. Ng5 Nf6 14. Bb5+ Kf8
15. dxe6 Qd4 16. Ne2 Qd5 17. c4 Qd8 18. Bc3 Qc7 19. O-O Kg8 20. Nf4 a6 21. Nd5
Nxd5 22. Bxg7 Nf6 23. Bh6 axb5 24. Qd5 Qc6 25. Qd8+ 1-0

[Event "Manhem Chessweek IM"]
[Site "Biblioteksgatan 2, Mölnlycke"]
[Date "2015.08.11"]
[Round "5.10"]
[White "Braun, Christian"]
[Black "Ölund, Joar"]
[Result "1/2-1/2"]
[WhiteElo "2420"]
[BlackElo "2333"]
[PlyCount "72"]
[EventDate "2015.08.08"]

1. e4 c6 2. Nc3 d5 3. Nf3 Nf6 4. e5 Ne4 5. Ne2 Qb6 6. d4 e6 7. g3 c5 8. Bg2 Nc6
9. O-O Be7 10. c4 g5 11. cxd5 exd5 12. Be3 Qxb2 13. dxc5 g4 14. Ne1 Qxe5 15.
Nd3 Qf5 16. Nd4 Nxd4 17. Bxd4 O-O 18. f3 gxf3 19. Rxf3 Qg5 20. Rf4 Bf6 21. Bxf6
Nxf6 22. Nf2 Be6 23. Qd4 Nh5 24. Rh4 Qg7 25. Rb1 Qxd4 26. Rxd4 Rac8 27. Rxb7
Rxc5 28. Rxa7 Rb8 29. Bf3 Nf6 30. Rd2 Rc4 31. Kg2 Ne4 32. Bxe4 dxe4 33. Nd1 Rb1
34. Kf2 Rcc1 35. Ra8+ Kg7 36. Rad8 Bxa2 1/2-1/2

[Event "Manhem Chessweek IM"]
[Site "Biblioteksgatan 2, Mölnlycke"]
[Date "2015.08.12"]
[Round "6.6"]
[White "Braun, Christian"]
[Black "Al-Hadarani, Hatim"]
[Result "1-0"]
[WhiteElo "2420"]
[BlackElo "2254"]
[PlyCount "76"]
[EventDate "2015.08.08"]

1. e4 c6 2. d4 g6 3. Nc3 Bg7 4. Nf3 Nh6 5. h3 d5 6. Bf4 dxe4 7. Nxe4 Nf5 8. c3
O-O 9. Bd3 Nd6 10. Qe2 Nxe4 11. Bxe4 Nd7 12. O-O Nf6 13. Bc2 a5 14. a4 Nd5 15.
Bg5 Qc7 16. Rfe1 Be6 17. Qd2 Rae8 18. Bh6 Qc8 19. Re4 f6 20. Bxg7 Kxg7 21. Rh4
h5 22. Re1 Qd7 23. g4 Rh8 24. gxh5 gxh5 25. c4 Nb4 26. d5 cxd5 27. Nd4 Bxh3 28.
cxd5 Nxc2 29. Nxc2 Reg8 30. Kh2 Bg4 31. Qf4 Kf7 32. Ne3 Rc8 33. f3 Rcg8 34.
fxg4 hxg4 35. Rxh8 g3+ 36. Kg1 Rxh8 37. Nf5 Qd8 38. Rxe7+ Kf8 1-0

[Event "Manhem Chessweek IM"]
[Site "Biblioteksgatan 2, Mölnlycke"]
[Date "2015.08.12"]
[Round "6.7"]
[White "Haubro, Martin"]
[Black "Andréasson, Ingvar"]
[Result "0-1"]
[WhiteElo "2369"]
[BlackElo "2356"]
[PlyCount "100"]
[EventDate "2015.08.08"]

1. e4 c5 2. Nf3 e6 3. d4 cxd4 4. Nxd4 a6 5. Bd3 Ne7 6. O-O Nec6 7. Nxc6 Nxc6 8.
Re1 d6 9. Be3 Be7 10. Nd2 O-O 11. a4 Rb8 12. c3 b5 13. b4 Bf6 14. Ra3 Bd7 15.
axb5 axb5 16. f4 Rb7 17. Qe2 Qb8 18. Nf3 g6 19. Bd2 Bg7 20. e5 Ne7 21. Be3 Nd5
22. Bd2 Rc8 23. Rea1 dxe5 24. Nxe5 Be8 25. Be4 Re7 26. Bf3 Qd6 27. Ra8 Rec7 28.
Rxc8 Rxc8 29. Ra3 Rd8 30. Ra5 f6 31. Ng4 Nxb4 32. cxb4 Qxd2 33. Qxe6+ Bf7 34.
Qe2 Qd4+ 35. Nf2 Re8 36. Qd1 Qxb4 37. Ra1 Qxf4 38. Bc6 Rb8 39. Ra7 Qe5 40. g3
b4 41. Qd7 Qe6 42. Rb7 Rxb7 43. Qxb7 b3 44. Qb8+ Bf8 45. Bf3 Kg7 46. Kg2 Bc5
47. Ne4 Bd4 48. Qb4 b2 49. Nd2 Qe3 50. Be4 Bc3 0-1

[Event "Manhem Chessweek IM"]
[Site "Biblioteksgatan 2, Mölnlycke"]
[Date "2015.08.12"]
[Round "6.9"]
[White "Ölund, Joar"]
[Black "Antonsen, Mikkel"]
[Result "1/2-1/2"]
[WhiteElo "2333"]
[BlackElo "2475"]
[PlyCount "36"]
[EventDate "2015.08.08"]

1. e4 e5 2. Nf3 Nc6 3. Bb5 a6 4. Ba4 Nf6 5. O-O Be7 6. d3 b5 7. Bb3 d6 8. c3
O-O 9. Re1 Na5 10. Bc2 c5 11. Nbd2 Re8 12. Nf1 h6 13. Ng3 Bf8 14. h3 Bd7 15.
Bd2 Nc6 16. Bb3 Na5 17. Bc2 Nc6 18. Bb3 Na5 1/2-1/2

[Event "Manhem Chessweek IM"]
[Site "Biblioteksgatan 2, Mölnlycke"]
[Date "2015.08.12"]
[Round "6.10"]
[White "Berggren Torell, Harald"]
[Black "Lindgren, Philip"]
[Result "0-1"]
[WhiteElo "2176"]
[BlackElo "2401"]
[PlyCount "56"]
[EventDate "2015.08.08"]

1. e4 c5 2. Nf3 d6 3. Bb5+ Nd7 4. d4 cxd4 5. Qxd4 a6 6. Bxd7+ Bxd7 7. O-O e5 8.
Qd3 h6 9. b3 Nf6 10. c4 b5 11. Nfd2 Be7 12. Nc3 Qb6 13. Nd5 Nxd5 14. cxd5 O-O
15. Qe3 Qxe3 16. fxe3 Rfc8 17. Ba3 Rc2 18. Nf3 Kf8 19. Rf2 Rac8 20. Raf1 Rxf2
21. Rxf2 a5 22. Rd2 b4 23. Bb2 Bd8 24. Rd1 Bb6 25. Kf2 Rc2+ 26. Rd2 Rc7 27. Rd1
a4 28. Rc1 a3 0-1

[Event "Manhem Chessweek IM"]
[Site "Biblioteksgatan 2, Mölnlycke"]
[Date "2015.08.12"]
[Round "7.6"]
[White "Rydström, Tom"]
[Black "Haubro, Martin"]
[Result "1-0"]
[WhiteElo "2380"]
[BlackElo "2369"]
[PlyCount "81"]
[EventDate "2015.08.08"]

1. e4 c5 2. Nf3 d6 3. d4 cxd4 4. Nxd4 Nf6 5. Nc3 a6 6. Bg5 Nbd7 7. Be2 h6 8.
Bh4 e6 9. f4 Be7 10. Qd3 Qc7 11. O-O-O b5 12. Bf3 Bb7 13. Bxf6 gxf6 14. f5 Nc5
15. Qe3 b4 16. fxe6 fxe6 17. Nce2 O-O-O 18. Kb1 Kb8 19. h4 a5 20. c3 Bf8 21.
cxb4 axb4 22. Rc1 Qa5 23. Nb3 Qb6 24. h5 Rh7 25. Rhd1 Rc8 26. Nf4 Rhc7 27. Nxe6
Nxb3 28. Qxb3 Rxc1+ 29. Rxc1 Rxc1+ 30. Kxc1 Be7 31. Qd3 Qa5 32. Qc4 Qb6 33. Qd4
Qa5 34. Qc4 Qb6 35. Nd4 Bd8 36. Kc2 Bc7 37. Kb3 Qa5 38. Qxb4 Qa6 39. Qb5 Qa8
40. Nc6+ Kc8 41. Bg4+ 1-0

[Event "Manhem Chessweek IM"]
[Site "Biblioteksgatan 2, Mölnlycke"]
[Date "2015.08.12"]
[Round "7.7"]
[White "Andréasson, Ingvar"]
[Black "Braun, Christian"]
[Result "0-1"]
[WhiteElo "2356"]
[BlackElo "2420"]
[PlyCount "66"]
[EventDate "2015.08.08"]

1. Nf3 g6 2. d4 Bg7 3. e4 d6 4. h3 Nf6 5. Nc3 c6 6. a4 O-O 7. Be3 Qa5 8. Qd2 e5
9. Be2 exd4 10. Nxd4 Qe5 11. Bf4 Qe7 12. f3 Nh5 13. Bg5 Bf6 14. Bxf6 Qxf6 15.
O-O-O Rd8 16. g4 Nf4 17. h4 Nd7 18. Kb1 Nc5 19. Nf5 Nxe2 20. Nh6+ Kg7 21. Nxe2
Nxa4 22. Qc1 Qxb2+ 23. Qxb2+ Nxb2 24. Kxb2 Kxh6 25. Rd2 Kg7 26. Rhd1 Kf8 27.
Nf4 Ke7 28. e5 d5 29. c4 Be6 30. cxd5 Bxd5 31. Nxd5+ Rxd5 32. Rxd5 cxd5 33.
Rxd5 Rc8 0-1

[Event "Manhem Chessweek IM"]
[Site "Biblioteksgatan 2, Mölnlycke"]
[Date "2015.08.12"]
[Round "7.8"]
[White "Al-Hadarani, Hatim"]
[Black "Ölund, Joar"]
[Result "0-1"]
[WhiteElo "2254"]
[BlackElo "2333"]
[PlyCount "108"]
[EventDate "2015.08.08"]

1. d4 Nf6 2. Bg5 d5 3. Nc3 c5 4. e3 Nc6 5. Nf3 Bg4 6. h3 Bxf3 7. Qxf3 e6 8. Bb5
Be7 9. O-O Qb6 10. a4 cxd4 11. a5 Qc7 12. exd4 O-O 13. Bxc6 Qxc6 14. Qd3 h6 15.
Bh4 Rfe8 16. Rfe1 Rac8 17. a6 Ne4 18. axb7 Qxb7 19. Bxe7 Rxe7 20. Na4 Qc7 21.
c3 e5 22. f3 Ng3 23. dxe5 Rxe5 24. Rxe5 Qxe5 25. Qd2 Re8 26. Kf2 Nf5 27. Re1
Qg3+ 28. Kf1 Rxe1+ 29. Qxe1 Qf4 30. b3 d4 31. cxd4 Qxd4 32. Qe8+ Kh7 33. Qe1 g6
34. Qc3 Ng3+ 35. Ke1 Qg1+ 36. Kd2 Qxg2+ 37. Kd1 Qg1+ 38. Kc2 Ne2 39. Qd2 Nd4+
40. Kb2 Nxf3 41. Qa5 Qd4+ 42. Nc3 Qd2+ 43. Ka3 Nd4 44. Qc7 Qc1+ 45. Kb4 a5+ 46.
Kxa5 Qa3+ 47. Na4 Nxb3+ 48. Kb5 Nd4+ 49. Ka5 Qb3 50. Qd7 Qc4 51. Kb6 Qe6+ 52.
Qxe6 Nxe6 53. Kc6 Nf4 54. h4 h5 0-1